Tunnettuja jokia - Statistics

Yleistilastot
  • Tätä visaa on pelattu 397 kertaa
  • Keskiarvotulos 12 / 20
Vastaustilastot
Kuvaus Joki % Oikein
Maailman pisin joki Niili
97%
Maailman valuma-alueeltaan suurin joki Amazon
93%
Pariisin pääjoki Seine
86%
Lontoon pääjoki Thames
86%
Pohjois-Amerikan pisin joki Mississippi-Missouri
82%
Virtaa neljän pääkaupungin, mukaan lukienWienin ja Budapestin, halki Tonava
82%
Virtaa Düsseldorfin ja Baselin halki Rein
73%
Hindulaisuuden pyhin joki Ganges
70%
Euroopan pisin joki Volga
70%
Virtaa Tigriksen vierellä Eufrat
61%
Aasian pisin joki Jangtse
60%
Afrikan toiseksi pisin joki Kongo
54%
Rooman pääjoki Tiber
49%
Indokiinan pisin joki Mekong
48%
Grand Canyonin uurtanut joki Coloradojoki
46%
Meksikon ja Texasin rajajoki Rio Grande
44%
Muinaisen siviilisaation koti nykyisessä Pakistanissa Indus
42%
Etelä-Afrikan ja Namibian rajan muodostava joki Oranje
31%
Yhdistää Pohjois-Amerikan Isotjärvet Atlanttiin Saint Lawrence
24%
Australian pisin joki Murray
22%
Ehtoja vastaavia visoja ei löytynyt
Tulosjakauma
Jokaisen tuloksen saaneiden osuus
Persentiili vastausten määrän mukaan
Tuloshistoriasi
Et ole pelannut tätä visaa